Svjaz na truvoprovodnom transporte.

Uložené v:
Podrobná bibliografia
Hlavný autor: Bespalov, Nikolaj V.
Médium: Kniha
Jazyk:Slovak
Vydané: 1964.
Tagy: Pridať tag
Žiadne tagy, Buďte prvý kto otaguje tento záznam!

MARC

LEADER 00000nam a22000004a 4500
001 000516607
005 20160803123314.0
008 160803s1964 xo e 000 0 slo d
040 |a SVKKK  |b slo  |c SVKKK  |e AACR2 
100 1 |a Bespalov, Nikolaj V. 
245 1 0 |a Svjaz na truvoprovodnom transporte. 
260 |c 1964. 
500 |a Záznam revízie 
910 |a svkkk 
998 |a BK 
090 |g SCKHL  |k Sklad  |a X0.4680  |j 020235  |i 516607-10  |4 Zastaraná  |s Vyradená